000 007280000a22002530004500
090 _aMM
_b00068
245 1 0 _aAguinaldo al musgo
300 _a26 min.
_bVHS
650 1 4 _aTradiciones
_952583
650 1 4 _aImpacto humano
_93679
650 1 4 _aProyectos de conservación
_916299
650 1 4 _aMusgos
_996173
650 1 4 _aBriófitos
_9100804
650 1 4 _aPlantas reguladoras
_9100805
650 1 4 _aRegulación hidríca
_9100806
650 1 4 _aBosques altoandinos
_92831
651 4 _dValle del Cauca
_pColombia
_992749
041 0 _aEspañol
044 _aColombia
110 1 _aUniversidad del Valle
_dFacultad de Comunicación
_9100807
260 _aCali
_bFundación Farallones
_c1994
260 _bFES
942 _cCD-ROM
999 _c16425
_d16425